[Event "WIOSENNY OGOLNOPOLSKI INTEGRACYJNY TURNIEJ SZACHOWY"]
[Site "WEGIERSKA GORKA - OW AZALIA"]
[Date "1899-12-30"]
[Round "1.1"]
[White "Mannke, Manfred"]
[Black "Wroblewski, Mieczyslaw"]
[Result "1-0"]
[WhiteTitle "k"]
[BlackTitle "I"]
[WhiteElo "2162"]
[BlackElo "1588"]

1. d4 d5 2. c4 e6 3. Nc3 c6 4. Nf3 Nf6 5. e3 Bd6 6. Qc2 O-O 7. b3 b6 8. Be2 Qc7
9. Bb2 Nbd7 10. Rc1 Bb4 11. O-O Bxc3 12. Bxc3 Ne4 13. Bb4 c5 14. cxd5 exd5 15.
Rfd1 Bb7 16. Be1 Rac8 17. dxc5 bxc5 18. b4 Qb6 19. Qb1 Rb8 20. bxc5 Qxb1 21. Rxb1
Ndxc5 22. Nd4 Na4 23. Rdc1 Ba8 24. Bb5 Nb6 25. f3 Nd6 26. Bg3 Rbd8 27. Rc7 Nxb5
28. Nxb5 Nc4 29. Bf4 a6 30. Nd4 h6 31. h4 Rfe8 32. Kf2 f6 33. Nf5 a5 34. h5 Ne5
35. Rxg7+ Kh8 36. Bxh6 Bc6 37. f4 Nd3+ 38. Kg1 Rg8 39. Rxg8+ Rxg8 40. Ne7 1-0

[Event "WIOSENNY OGOLNOPOLSKI INTEGRACYJNY TURNIEJ SZACHOWY"]
[Site "WEGIERSKA GORKA - OW AZALIA"]
[Date "1899-12-30"]
[Round "1.2"]
[White "Urban, Marek"]
[Black "Gasik, Piotr"]
[Result "0-1"]
[WhiteTitle "I"]
[BlackTitle "k"]
[WhiteElo "1573"]
[BlackElo "2018"]

1. d4 f5 2. Nf3 Nf6 3. Nc3 d5 4. Bg5 Ne4 5. e3 Nxg5 6. Nxg5 e6 7. Nf3 Be7 8. Ne5
O-O 9. Bd3 Nd7 10. O-O c5 11. f4 cxd4 12. exd4 Qb6 13. Ne2 Nf6 14. Rb1 Bd7 15.
Nxd7 Nxd7 16. c3 Nf6 17. Ng3 Qc7 18. Qe2 Ne4 19. Bxe4 dxe4 20. Qd2 Rfd8 21. Qe3
Rac8 22. Kh1 Qc4 23. a3 Rd5 24. Ne2 Rb5 25. Qd2 a5 26. b4 a4 27. Rb2 Rd5 28. Rg1
g6 29. Qe3 Qd3 30. Qd2 Bd6 31. Rd1 Qxd2 32. Rbxd2 b5 33. g3 Kf7 34. Kg2 Bb8 35.
Kf2 h6 36. Ke1 g5 37. Rc1 gxf4 38. gxf4 Rc4 39. Rdc2 Rd8 40. Kf2 Rg8 41. h3 Ke7
42. Rg1 Rxg1 43. Kxg1 Kd6 44. Kf2 Ba7 45. Rc1 Rc7 46. Rg1 Kd5 47. Ke3 Kc4 48.
Rb1 Rg7 49. Kd2 Rg2 50. h4 Bb8 51. Ke3 Rh2 52. Rg1 Rh3+ 53. Kd2 Rxh4 54. Rg6 Bxf4+
55. Nxf4 Rxf4 56. Rxe6 Rf2+ 57. Ke3 Rf3+ 58. Kd2 Kb3 59. Rb6 f4 60. Rxb5 Rd3+
61. Ke2 Rxc3 62. Re5 Rc2+ 63. Kd1 e3 64. b5 Rd2+ 65. Ke1 Kc3 66. d5 Kd4 67. Rf5
Ke4 68. Rh5 f3 0-1

[Event "WIOSENNY OGOLNOPOLSKI INTEGRACYJNY TURNIEJ SZACHOWY"]
[Site "WEGIERSKA GORKA - OW AZALIA"]
[Date "1899-12-30"]
[Round "1.3"]
[White "Malecki, Rafal"]
[Black "Muc, Zbigniew"]
[Result "1-0"]
[WhiteTitle "k+"]
[BlackTitle "I"]
[WhiteElo "1959"]
[BlackElo "1561"]

1. Nf3 d5 2. g3 Nc6 3. Bg2 e5 4. d3 Nf6 5. O-O Bc5 6. c3 O-O 7. b4 Bd6 8. a3 a6
9. Bg5 h6 10. Bxf6 Qxf6 11. Nbd2 Re8 12. e4 Ne7 13. exd5 Nxd5 14. Ne4 Qe6 15.
Qb3 Bf8 16. Rfe1 Nb6 17. c4 Nd7 18. d4 exd4 19. Ned2 1-0

[Event "WIOSENNY OGOLNOPOLSKI INTEGRACYJNY TURNIEJ SZACHOWY"]
[Site "WEGIERSKA GORKA - OW AZALIA"]
[Date "1899-12-30"]
[Round "1.4"]
[White "Hoder, Zygfryd"]
[Black "Barwinski, Dionizy"]
[Result "0-1"]
[WhiteTitle "I"]
[BlackTitle "FM"]
[WhiteElo "1547"]
[BlackElo "1938"]

1. e4 d5 2. exd5 Qxd5 3. Nc3 Qd6 4. Bc4 c6 5. d3 Nf6 6. Qe2 Bg4 7. f3 Bf5 8. Bb3
Nbd7 9. Ne4 Bxe4 10. dxe4 e6 11. Bd2 a5 12. a3 Qc7 13. Bc3 Bd6 14. g3 Be5 15.
O-O-O Bxc3 16. bxc3 Nc5 17. Qc4 Qe7 18. a4 O-O 19. Ne2 b5 20. axb5 cxb5 21. Qd4
Nxb3+ 22. cxb3 Qa3+ 23. Kc2 Qa2+ 24. Kc1 Qxe2 25. Rde1 Qa2 26. Qd1 a4 27. Re2
Qa1+ 28. Kc2 axb3+ 29. Kxb3 Ra3+ 0-1

[Event "WIOSENNY OGOLNOPOLSKI INTEGRACYJNY TURNIEJ SZACHOWY"]
[Site "WEGIERSKA GORKA - OW AZALIA"]
[Date "1899-12-30"]
[Round "1.5"]
[White "Pojedziniec, Wladyslaw"]
[Black "Olszewski, Jerzy"]
[Result "1/2-1/2"]
[WhiteTitle "FM"]
[BlackTitle "I"]
[WhiteElo "1904"]
[BlackElo "1514"]

1. d4 d5 2. c4 c6 3. Nc3 Nf6 4. Nf3 Nbd7 5. cxd5 cxd5 6. Bf4 a6 7. e3 e6 8. Bd3
Nb6 9. O-O Bd6 10. Bg5 O-O 11. Qc2 h6 12. Bh4 Bd7 13. Qb3 Be7 14. Ne5 Rb8 15.
Bg3 Ra8 16. Rac1 Be8 17. Qd1 Nfd7 18. Nf3 Nb8 19. Qe2 Nc6 20. Ne5 f6 21. Ng6 Bxg6
22. Bxg6 f5 23. Rfd1 Bd6 24. Bxd6 Qxd6 25. f4 Rf6 26. Bh5 g6 27. Bf3 h5 28. Qf2
Rf7 29. Be2 Rc8 30. Bd3 Rfc7 1/2-1/2

[Event "WIOSENNY OGOLNOPOLSKI INTEGRACYJNY TURNIEJ SZACHOWY"]
[Site "WEGIERSKA GORKA - OW AZALIA"]
[Date "1899-12-30"]
[Round "1.6"]
[White "Miodonski, Miroslaw"]
[Black "Furtak, Joanna"]
[Result "0-1"]
[WhiteTitle "I"]
[BlackTitle "k"]
[WhiteElo "1504"]
[BlackElo "1892"]

1. Nf3 Nf6 2. b4 e6 3. b5 d5 4. Bb2 Be7 5. e3 c5 6. c4 b6 7. Be2 Bb7 8. O-O O-O
9. a4 dxc4 10. Bxc4 Nd5 11. d4 Nd7 12. Qb3 cxd4 13. Nxd4 Nc5 14. Qa2 Rc8 15. Nd2
Bd6 16. Rfd1 Qh4 17. N4f3 Qh5 18. Bd4 Rfd8 19. Qb2 Qh6 20. Be5 Be7 21. Bf1 f6
22. Bg3 g5 23. h3 Qg6 24. a5 h5 25. axb6 axb6 26. Ra7 Rd7 27. Nc4 Rcd8 28. Rda1
g4 29. hxg4 hxg4 30. Nd4 Kg7 31. Nc6 Rh8 32. Bb8 Qh6 33. f3 Bxc6 34. bxc6 Rxa7
35. Bxa7 g3 0-1

[Event "WIOSENNY OGOLNOPOLSKI INTEGRACYJNY TURNIEJ SZACHOWY"]
[Site "WEGIERSKA GORKA - OW AZALIA"]
[Date "1899-12-30"]
[Round "1.7"]
[White "Wisla, Jakub"]
[Black "Luka, Maksym"]
[Result "1/2-1/2"]
[WhiteTitle "II+"]
[BlackTitle "II+"]
[WhiteElo "1881"]
[BlackElo "1478"]

1. e4 e6 2. d4 d5 3. e5 c5 4. Qg4 Qb6 5. Nf3 cxd4 6. Bd3 Ne7 7. O-O Nbc6 8. a3
Ng6 9. Re1 a5 10. h4 Qc7 11. Qg3 b6 12. Bb5 Bd7 13. Bxc6 Bxc6 14. Nxd4 h5 15.
Nc3 Qd7 16. Be3 Be7 17. Nf3 Qd8 18. Ng5 O-O 19. Nxe6 Qb8 20. Nxf8 Bxh4 21. Qh3
Kxf8 22. Rad1 Qb7 23. e6 Re8 24. exf7 Qxf7 25. Bxb6 Rb8 26. Bc5+ Kg8 27. Qe6 Rxb2
28. Qc8+ Kh7 29. Qxc6 Rxc2 30. Ne2 Bxf2+ 31. Kh1 Rxc5 32. Qd6 Bxe1 33. Qxc5 Qf1+
34. Ng1 Nf4 35. Qc2+ Kh6 36. Kh2 Nxg2 37. Qe2 Qxe2 38. Nxe2 Nh4 39. Rxd5 g5 40.
Kg1 Nf3+ 41. Kf1 h4 42. Nd4 Nxd4 43. Rxd4 Bg3 44. Kg2 Bc7 45. Kh3 Kh5 46. Rd5
Bb6 47. a4 Bc7 48. Rd4 Bb6 49. Re4 Bc7 50. Rc4 Bf4 51. Rc5 Bd2 52. Rd5 Bc3 53.
Rc5 Bd2 54. Rc8 g4+ 55. Kg2 Bb4 56. Rh8+ 1/2-1/2

[Event "WIOSENNY OGOLNOPOLSKI INTEGRACYJNY TURNIEJ SZACHOWY"]
[Site "WEGIERSKA GORKA - OW AZALIA"]
[Date "1899-12-30"]
[Round "1.8"]
[White "Kulka, Wladyslaw"]
[Black "Kawula, Andrzej"]
[Result "0-1"]
[WhiteTitle "II"]
[BlackTitle "k"]
[WhiteElo "1449"]
[BlackElo "1874"]

1. e4 e6 2. d4 d5 3. exd5 exd5 4. Nf3 c5 5. Be3 c4 6. c3 Nf6 7. Nbd2 Bd6 8. Be2
O-O 9. O-O Nc6 10. b3 b5 11. b4 a5 12. a3 Bf5 13. Re1 Qc7 14. Nf1 Ne4 15. Rc1
axb4 16. axb4 Ra3 17. Bd2 Bf4 18. Ne3 Bxe3 19. fxe3 Rfa8 20. Rf1 Bg4 21. Be1 f6
22. Bd2 Bh5 23. Be1 Qe7 24. Bd2 Nxc3 25. Qe1 Ne4 26. Kh1 Nxd2 27. Qxd2 Qxe3 28.
Qxe3 Rxe3 29. Rfe1 Ra2 30. Bd1 Rxe1+ 31. Nxe1 Bxd1 32. Rxd1 Rb2 33. h3 Nxb4 34.
Rc1 Na2 35. Ra1 b4 36. Nf3 Rc2 37. Kh2 b3 38. Rb1 Nc3 39. Re1 Re2 40. Rc1 b2 41.
Rxc3 b1=Q 42. Ra3 Rxg2+ 0-1

[Event "WIOSENNY OGOLNOPOLSKI INTEGRACYJNY TURNIEJ SZACHOWY"]
[Site "WEGIERSKA GORKA - OW AZALIA"]
[Date "1899-12-30"]
[Round "1.9"]
[White "Aleksandrowicz, Marek"]
[Black "Sukiennik, Oliwier"]
[Result "1-0"]
[WhiteTitle "I++"]
[BlackTitle "II+"]
[WhiteElo "1859"]
[BlackElo "1448"]

1. e4 d6 2. d4 Nf6 3. Nc3 g6 4. Be3 Bg7 5. Qd2 Nc6 6. f3 e5 7. Nge2 O-O 8. O-O-O
a5 9. d5 Ne7 10. Bh6 Bd7 11. Ng3 Qb8 12. a4 Nc8 13. h4 Na7 14. h5 b5 15. axb5
Nxb5 16. Bxb5 Bxb5 17. Nf5 Qb7 18. Bxg7 Rfb8 19. Qh6 gxf5 20. Bxf6 1-0

[Event "WIOSENNY OGOLNOPOLSKI INTEGRACYJNY TURNIEJ SZACHOWY"]
[Site "WEGIERSKA GORKA - OW AZALIA"]
[Date "1899-12-30"]
[Round "2.1"]
[White "Klucznik, Andre"]
[Black "Mannke, Manfred"]
[Result "1/2-1/2"]
[WhiteTitle "I"]
[BlackTitle "k"]
[WhiteElo "1687"]
[BlackElo "2162"]

1. c4 c5 2. g3 Nf6 3. Nf3 b6 4. Bg2 Bb7 5. O-O e6 6. b3 Be7 7. Bb2 O-O 8. Nc3 d5
9. cxd5 Nxd5 10. d4 Nd7 11. Nxd5 Bxd5 12. dxc5 Nxc5 13. Rc1 Bf6 14. Bxf6 Qxf6
15. Qd4 a5 16. Qxf6 gxf6 17. Nd4 Bxg2 18. Kxg2 Rac8 19. Rfd1 Kg7 20. Nb5 Rfd8
21. Nd6 Rb8 22. Nc4 1/2-1/2

[Event "WIOSENNY OGOLNOPOLSKI INTEGRACYJNY TURNIEJ SZACHOWY"]
[Site "WEGIERSKA GORKA - OW AZALIA"]
[Date "1899-12-30"]
[Round "2.2"]
[White "Gasik, Piotr"]
[Black "Tomalak, Stanislaw"]
[Result "1-0"]
[WhiteTitle "k"]
[BlackTitle "I"]
[WhiteElo "2018"]
[BlackElo "1724"]

1. c4 Nf6 2. Nc3 d6 3. d4 Nbd7 4. Nf3 g6 5. e4 e5 6. Be2 Bg7 7. O-O O-O 8. Re1
Re8 9. d5 Nc5 10. Bf1 a5 11. h3 Bd7 12. Bd2 h6 13. b3 Nh7 14. Qc1 g5 15. g4 Nf8
16. Qc2 Ng6 17. Ne2 Nf4 18. Ng3 Qf6 19. Nf5 Qg6 20. Bxa5 b6 21. Bc3 Bf6 22. b4
Nb7 23. a4 h5 24. Nh2 hxg4 25. Nxg4 Bxf5 26. exf5 Qg7 27. Re3 Kf8 28. Bd2 Ke7
29. a5 bxa5 30. c5 Nxd5 31. Bg2 Nxe3 32. cxd6+ Kf8 33. Bxe3 e4 34. d7 Reb8 35.
Rd1 a4 36. Bxe4 a3 37. Bd5 Bb2 38. Qxc7 Qc3 39. Bc5+ Nxc5 40. d8=Q+ Rxd8 41. Qxf7#
1-0

[Event "WIOSENNY OGOLNOPOLSKI INTEGRACYJNY TURNIEJ SZACHOWY"]
[Site "WEGIERSKA GORKA - OW AZALIA"]
[Date "1899-12-30"]
[Round "2.3"]
[White "Szneider, Kazimierz"]
[Black "Malecki, Rafal"]
[Result "0-1"]
[WhiteTitle "I++"]
[BlackTitle "k+"]
[WhiteElo "1667"]
[BlackElo "1959"]

1. d4 Nf6 2. c4 e5 3. dxe5 Ng4 4. Bf4 g5 5. Bg3 Bg7 6. Nf3 Nc6 7. Nc3 Ngxe5 8.
e3 d6 9. Be2 Be6 10. Nd2 O-O 11. Rc1 f5 12. f3 Nb4 13. Bxe5 Bxe5 14. Ndb1 c6 15.
Qd2 Qe7 16. b3 Rad8 17. O-O d5 18. cxd5 Nxd5 19. Nxd5 Bxd5 20. Qe1 Bb2 21. Rc3
Bxc3 22. Qxc3 Rfe8 23. Kf2 b5 24. Rc1 Qe5 25. Qxe5 Rxe5 26. Nd2 Rde8 27. Nf1 a5
28. Bd1 h6 29. a4 R8e6 0-1

[Event "WIOSENNY OGOLNOPOLSKI INTEGRACYJNY TURNIEJ SZACHOWY"]
[Site "WEGIERSKA GORKA - OW AZALIA"]
[Date "1899-12-30"]
[Round "2.4"]
[White "Barwinski, Dionizy"]
[Black "Kowalska, Elzbieta"]
[Result "1-0"]
[WhiteTitle "FM"]
[BlackTitle "WFM"]
[WhiteElo "1938"]
[BlackElo "1676"]

1. d4 d5 2. Nf3 Nf6 3. c4 dxc4 4. Nc3 c6 5. a4 Bf5 6. e3 e6 7. Bxc4 Bb4 8. O-O
Nbd7 9. Bd3 O-O 10. e4 Bg6 11. e5 Ne8 12. Bxg6 hxg6 13. Ng5 Nc7 14. Qf3 f6 15.
exf6 gxf6 16. Nge4 Rf7 17. Qg3 Nf8 18. Be3 Nd5 19. Qf3 Be7 20. Rfd1 f5 21. Nc5
Bg5 22. Bxg5 Qxg5 23. a5 Rh7 24. Qg3 Qxg3 25. hxg3 Re8 26. Re1 Nb4 27. Ra4 Nd5
28. Nxd5 cxd5 29. Rb4 Ree7 30. Re3 g5 31. f3 f4 32. Re5 fxg3 33. Rxg5+ Rhg7 34.
Rxg7+ Kxg7 35. Rxb7 Kf6 36. Rxe7 Kxe7 37. b4 Kd6 38. Nd3 Kc6 39. Kf1 Kb5 40. Ke2
Kc4 41. Ke3 Nd7 42. a6 Nb8 43. Nc5 Kxb4 44. f4 Kb5 45. Nxe6 Kxa6 46. Nc7+ Kb7
47. Nxd5 Kc6 48. Nc3 Kd6 49. Nb5+ Kd5 50. Nxa7 1-0

[Event "WIOSENNY OGOLNOPOLSKI INTEGRACYJNY TURNIEJ SZACHOWY"]
[Site "WEGIERSKA GORKA - OW AZALIA"]
[Date "1899-12-30"]
[Round "2.5"]
[White "Furtak, Joanna"]
[Black "Krawcewicz, Lucyna"]
[Result "1-0"]
[WhiteTitle "k"]
[BlackTitle "k"]
[WhiteElo "1892"]
[BlackElo "1663"]

1. e4 c6 2. d4 e6 3. Nc3 d5 4. Nf3 Bb4 5. e5 c5 6. a3 cxd4 7. Qxd4 Bxc3+ 8. Qxc3
Nc6 9. Bd3 Nge7 10. O-O O-O 11. Bxh7+ Kxh7 12. Ng5+ Kg6 13. Qd3+ Nf5 14. g4 Nxe5
15. gxf5+ exf5 16. Qg3 Ng4 17. h3 f6 18. Nf3 Kf7 19. hxg4 fxg4 20. Nh2 f5 21.
f3 Qb6+ 22. Kg2 gxf3+ 23. Nxf3 Kg8 24. Ng5 Rf6 25. Qf3 Be6 26. Nxe6 Qxe6 27. Bg5
Rf7 28. Rae1 Qg6 29. Qf4 Rc8 30. Re2 Rc4 31. Re8+ Rf8 32. Rxf8+ Kxf8 33. Qb8+
Kf7 34. Qxb7+ Kf8 35. Qa8+ 1-0

[Event "WIOSENNY OGOLNOPOLSKI INTEGRACYJNY TURNIEJ SZACHOWY"]
[Site "WEGIERSKA GORKA - OW AZALIA"]
[Date "1899-12-30"]
[Round "2.6"]
[White "Kawula, Andrzej"]
[Black "Gruca, Zdzislaw"]
[Result "1-0"]
[WhiteTitle "k"]
[BlackTitle "I+"]
[WhiteElo "1874"]
[BlackElo "1644"]

1. d4 d5 2. c4 e6 3. Nf3 Nf6 4. Bg5 Nbd7 5. e3 c6 6. Bd3 Qa5+ 7. Nbd2 Ne4 8. cxd5
exd5 9. O-O f5 10. Bf4 Be7 11. Nb3 Qd8 12. Ne5 O-O 13. f3 Nxe5 14. Bxe5 Nd6 15.
Qc2 g6 16. Rad1 Nf7 17. Bg3 Be6 18. Nc5 Bxc5 19. dxc5 Rc8 20. Rfe1 Qf6 21. b4
a6 22. Re2 Rfd8 23. Be1 Re8 24. Bc3 Qe7 25. Bb2 Bd7 26. f4 Qf8 27. Qc3 Re7 28.
a4 Rce8 29. Rde1 h5 30. h3 Kh7 31. g4 fxg4 32. Qf6 Qg8 33. Qh4 Kh6 34. hxg4 Bf5
35. g5+ Kh7 36. Bxf5 1-0

[Event "WIOSENNY OGOLNOPOLSKI INTEGRACYJNY TURNIEJ SZACHOWY"]
[Site "WEGIERSKA GORKA - OW AZALIA"]
[Date "1899-12-30"]
[Round "2.7"]
[White "Biernot, Mariusz"]
[Black "Aleksandrowicz, Marek"]
[Result "0-1"]
[WhiteTitle "I"]
[BlackTitle "I++"]
[WhiteElo "1627"]
[BlackElo "1859"]

1. e4 c6 2. d4 d5 3. exd5 cxd5 4. Bd3 Nc6 5. c3 Nf6 6. Nf3 Bg4 7. Qe2 e6 8. Bf4
Bd6 9. Bxd6 Qxd6 10. Nbd2 Rc8 11. h3 Bh5 12. Qe3 Nd7 13. O-O O-O 14. Rae1 Bg6
15. Bxg6 hxg6 16. Ne5 Ncxe5 17. dxe5 Qb6 18. Nb3 Qxe3 19. Rxe3 Rc4 20. Nd4 a6
21. f3 b5 22. a3 Rfc8 23. h4 Nb8 24. Kh2 Nc6 25. b3 Rc5 26. Ne2 Ne7 27. g4 R8c7
28. Rd1 Nc8 29. Rdd3 Nb6 30. Rd4 Rc8 31. Kg3 a5 32. f4 a4 33. b4 R5c7 34. Rf3
Nc4 0-1

[Event "WIOSENNY OGOLNOPOLSKI INTEGRACYJNY TURNIEJ SZACHOWY"]
[Site "WEGIERSKA GORKA - OW AZALIA"]
[Date "1899-12-30"]
[Round "2.8"]
[White "Sukiennik, Marek"]
[Black "Suliga, Eckhard"]
[Result "1-0"]
[WhiteTitle "I+"]
[BlackTitle "II"]
[WhiteElo "1851"]
[BlackElo "1602"]

1. c4 e5 2. Nc3 Nf6 3. g3 d5 4. cxd5 Nxd5 5. Bg2 Nb6 6. Nf3 Nc6 7. O-O Be7 8. d3
O-O 9. Be3 Be6 10. a3 a5 11. Rc1 Nd5 12. Bd2 Qd7 13. Ne4 h6 14. Nc5 Bxc5 15. Rxc5
Nde7 16. Bc3 f6 17. b4 b6 18. Rxc6 Nxc6 19. b5 Ne7 20. a4 Rad8 21. Qb1 Nd5 22.
Bd2 Qd6 23. Rc1 Rd7 24. d4 Ne7 25. dxe5 fxe5 26. Bc3 Nd5 27. Bxe5 Qe7 28. Ba1
Bf5 29. Qb2 Nf6 30. Ne5 Rd6 31. Nc6 Qe6 32. Nd4 Qd7 33. e3 Be4 34. f3 Bg6 35.
e4 Ne8 36. f4 Qc8 37. f5 Bh7 38. g4 Nf6 39. e5 Rxd4 40. Qxd4 Rd8 41. Qc4+ 1-0

[Event "WIOSENNY OGOLNOPOLSKI INTEGRACYJNY TURNIEJ SZACHOWY"]
[Site "WEGIERSKA GORKA - OW AZALIA"]
[Date "1899-12-30"]
[Round "2.9"]
[White "Janocha, Jan"]
[Black "Leszner, Liliana"]
[Result "0-1"]
[WhiteTitle "I"]
[BlackTitle "WIM"]
[WhiteElo "1595"]
[BlackElo "1837"]

1. e4 g6 2. d4 Bg7 3. Nf3 d6 4. Bd3 Nf6 5. Be3 O-O 6. O-O Nc6 7. c3 e5 8. d5 Ne7
9. c4 Ng4 10. Bd2 f5 11. Nc3 f4 12. b4 Nf6 13. c5 Bg4 14. Rc1 a6 15. a4 g5 16.
cxd6 cxd6 17. b5 a5 18. Nb1 Nd7 19. Na3 Nc5 20. Bb1 Ng6 21. Qc2 Bxf3 22. gxf3
Nh4 23. Nc4 Qd7 24. Kh1 Qh3 0-1

[Event "WIOSENNY OGOLNOPOLSKI INTEGRACYJNY TURNIEJ SZACHOWY"]
[Site "WEGIERSKA GORKA - OW AZALIA"]
[Date "1899-12-30"]
[Round "2.11"]
[White "Kwiatkowski, Jacek"]
[Black "Klimanek, Daniel"]
[Result "1-0"]
[WhiteTitle "I++"]
[BlackTitle "I"]
[WhiteElo "1817"]
[BlackElo "1594"]

1. d4 Nf6 2. Bf4 g6 3. Nc3 d5 4. h4 Bg7 5. e3 Bf5 6. Be2 h5 7. Nf3 a6 8. Bd3 e6
9. Bxf5 exf5 10. Qd3 O-O 11. O-O Ne4 12. Rfd1 c6 13. Ne2 Nd7 14. Qb3 Qb6 15. Qa3
Rfe8 16. Rab1 Rac8 17. b4 Bf8 18. Qb3 Nd6 19. Nd2 Nf6 20. f3 Nh7 21. Re1 Qd8 22.
g3 Kg7 23. Kg2 f6 24. Rh1 Nf7 25. Qd3 Bd6 26. Kf2 Qe7 27. c3 Nf8 28. Rbe1 Ne6
29. a3 Qc7 30. Reg1 Re7 31. c4 Rce8 32. c5 Bxf4 33. gxf4 Nh6 34. Ng3 Kh7 35. Rb1
Qd7 36. Rb3 Nc7 37. Qb1 Re6 38. Re1 R8e7 39. a4 Qe8 40. Ndf1 Kg7 41. Qd3 Kh7 42.
Reb1 Kg7 43. Re1 Kf7 44. Rb2 Kg7 45. Rbe2 Kh7 46. Nd2 Kg7 47. Rg1 Kf7 48. Nb3
Na8 49. Rge1 Qb8 50. b5 axb5 51. axb5 Nc7 52. b6 Nb5 53. Ra1 Re8 54. Nf1 Qd8 55.
Na5 Qe7 56. Nb3 g5 57. fxg5 fxg5 58. Ng3 Kg6 59. hxg5 Qxg5 60. Rg1 Qh4 61. Rh1
Qf6 62. Nxh5 Qf8 63. Nf4+ Kg7 64. Nxe6+ Rxe6 65. Ree1 Ng4+ 66. fxg4 fxg4+ 67.
Ke2 Qf3+ 68. Kd2 Na3 69. Qh7+ 1-0

[Event "WIOSENNY OGOLNOPOLSKI INTEGRACYJNY TURNIEJ SZACHOWY"]
[Site "WEGIERSKA GORKA - OW AZALIA"]
[Date "1899-12-30"]
[Round "2.15"]
[White "Flazinski, Jozef"]
[Black "Reterski, Michal"]
[Result "1-0"]
[WhiteTitle "I++"]
[BlackTitle "II"]
[WhiteElo "1793"]
[BlackElo "1310"]

1. e4 e5 2. Nf3 Nc6 3. d4 exd4 4. Nxd4 Nge7 5. Nb5 a6 6. N5c3 Ng6 7. Be3 Be7 8.
Nd5 d6 9. Nbc3 Be6 10. Qd2 O-O 11. Be2 Nh4 12. O-O-O h6 13. Rhg1 b5 14. g3 Ng6
15. f4 Bd7 16. h4 Re8 17. h5 Nf8 18. g4 Nh7 19. g5 hxg5 20. Nxe7+ Qxe7 21. fxg5
Be6 22. g6 Nf8 23. gxf7+ Bxf7 24. Nd5 Qd8 25. Bg5 Qd7 26. Bh6 Bg6 27. hxg6 Rxe4
28. Be3 Rae8 29. Bf3 Rh4 30. Qf2 Rh8 31. Bg4 Qd8 32. Qf7# 1-0

[Event "WIOSENNY OGOLNOPOLSKI INTEGRACYJNY TURNIEJ SZACHOWY"]
[Site "WEGIERSKA GORKA - OW AZALIA"]
[Date "1899-12-30"]
[Round "2.16"]
[White "Luka, Maksym"]
[Black "Pojedziniec, Wladyslaw"]
[Result "1/2-1/2"]
[WhiteTitle "II+"]
[BlackTitle "FM"]
[WhiteElo "1478"]
[BlackElo "1904"]

1. c4 e5 2. Nc3 Nc6 3. g3 g6 4. Bg2 Bg7 5. d3 Nge7 6. Nf3 O-O 7. O-O d6 8. a3 Nf5
9. e4 Nfd4 10. Nxd4 Nxd4 11. Be3 Ne6 12. Qb3 c6 13. Rac1 Kh8 14. Ne2 Qe7 15. Rfd1
f5 16. exf5 gxf5 17. f4 Bh6 18. d4 exf4 19. Nxf4 Nxf4 20. Bxf4 Bxf4 21. gxf4 Rg8
22. Qc3 Bd7 23. Re1 Qg7 24. d5 c5 25. Re7 Qxc3 26. Rxc3 Rg7 27. Rxg7 Kxg7 28.
Re3 Kf7 29. Rh3 Kg7 30. Rg3+ Kf6 31. Rh3 Kg7 1/2-1/2

[Event "WIOSENNY OGOLNOPOLSKI INTEGRACYJNY TURNIEJ SZACHOWY"]
[Site "WEGIERSKA GORKA - OW AZALIA"]
[Date "1899-12-30"]
[Round "2.17"]
[White "Jalowiczor, Pawel"]
[Black "Wisla, Jakub"]
[Result "0-1"]
[WhiteTitle "II"]
[BlackTitle "II+"]
[WhiteElo "1398"]
[BlackElo "1881"]

1. e4 c5 2. d4 cxd4 3. Qxd4 Nc6 4. Qa4 g6 5. c3 Bg7 6. Be3 Nf6 7. Nd2 O-O 8. Ngf3
d6 9. Bb5 Bd7 10. Nd4 Qc7 11. O-O a6 12. Nxc6 bxc6 13. Bd3 e5 14. Nc4 Rfb8 15.
Qa5 Qxa5 16. Nxa5 Rxb2 17. Nb3 Nxe4 18. Bxe4 f5 19. Bc1 Rxb3 20. Bxc6 Bxc6 21.
axb3 d5 22. Bb2 Rb8 23. b4 Bb5 24. Rfd1 Rd8 25. Rac1 Bc4 26. Ra1 Kf7 27. Ra5 Bb5
28. Rda1 Rd6 29. Rxb5 axb5 30. Ra7+ Kf8 31. Ra8+ Ke7 32. Rb8 d4 33. cxd4 exd4
34. Rb7+ Rd7 35. Rxd7+ Kxd7 36. Kf1 Ke6 37. Ke2 d3+ 0-1

[Event "WIOSENNY OGOLNOPOLSKI INTEGRACYJNY TURNIEJ SZACHOWY"]
[Site "WEGIERSKA GORKA - OW AZALIA"]
[Date "1899-12-30"]
[Round "2.18"]
[White "Pastuszko, Katarzyna"]
[Black "Wesolowska, Hanna"]
[Result "1-0"]
[WhiteTitle "I+"]
[BlackTitle "WFM"]
[WhiteElo "1351"]
[BlackElo "1821"]

1. e4 e5 2. Nf3 Nc6 3. Bc4 Bc5 4. d3 d6 5. c3 Nf6 6. Bg5 O-O 7. b4 Bb6 8. a4 a6
9. O-O Qe7 10. Re1 Be6 11. Na3 h6 12. Bh4 Ba7 13. d4 Bxc4 14. Nxc4 exd4 15. cxd4
g5 16. Nxg5 hxg5 17. Bxg5 Bxd4 18. Ra3 Qe6 19. Rg3 Nh7 20. Bh6+ 1-0

[Event "WIOSENNY OGOLNOPOLSKI INTEGRACYJNY TURNIEJ SZACHOWY"]
[Site "WEGIERSKA GORKA - OW AZALIA"]
[Date "1899-12-30"]
[Round "2.27"]
[White "Kopij, Jozef"]
[Black "Miodonski, Miroslaw"]
[Result "1-0"]
[WhiteTitle "II"]
[BlackTitle "I"]
[WhiteElo "1186"]
[BlackElo "1504"]

1. e4 c5 2. Nf3 Nc6 3. Bb5 Nd4 4. Nxd4 cxd4 5. c3 Qa5 6. Qa4 Qxa4 7. Bxa4 e5 8.
O-O Bc5 9. d3 Ne7 10. b4 Bb6 11. c4 O-O 12. c5 Bc7 13. f4 f6 14. fxe5 fxe5 15.
Bb3+ 1-0

[Event "WIOSENNY OGOLNOPOLSKI INTEGRACYJNY TURNIEJ SZACHOWY"]
[Site "WEGIERSKA GORKA - OW AZALIA"]
[Date "1899-12-30"]
[Round "3.1"]
[White "Leszner, Liliana"]
[Black "Gasik, Piotr"]
[Result "1-0"]
[WhiteTitle "WIM"]
[BlackTitle "k"]
[WhiteElo "1837"]
[BlackElo "2018"]

1. e4 Nf6 2. e5 Nd5 3. d4 d6 4. c4 Nb6 5. Nf3 Bg4 6. exd6 cxd6 7. Be2 g6 8. O-O
Bg7 9. Nc3 Nc6 10. Be3 O-O 11. b3 d5 12. c5 Nc8 13. h3 Bxf3 14. Bxf3 e6 15. b4
a6 16. Rb1 N8e7 17. a4 Nf5 18. Ne2 Qf6 19. Bg4 Nfxd4 20. b5 Nxe2+ 21. Bxe2 Nd4
22. Bd3 Nf5 23. Bc1 Qc3 24. Bxf5 gxf5 25. Rb3 Qc4 26. Rg3 Kh8 27. Qh5 axb5 28.
Rxg7 Kxg7 29. Qh6+ 1-0

[Event "WIOSENNY OGOLNOPOLSKI INTEGRACYJNY TURNIEJ SZACHOWY"]
[Site "WEGIERSKA GORKA - OW AZALIA"]
[Date "1899-12-30"]
[Round "3.2"]
[White "Malecki, Rafal"]
[Black "Bobrowski, Piotr"]
[Result "1-0"]
[WhiteTitle "k+"]
[BlackTitle "k"]
[WhiteElo "1959"]
[BlackElo "1833"]

1. Nf3 g6 2. g3 Bg7 3. Bg2 e6 4. d3 Ne7 5. e4 c6 6. Nbd2 d5 7. O-O O-O 8. Re1 b6
9. h4 h6 10. Qe2 Nd7 11. Nf1 Bb7 12. N1h2 Kh7 13. Ng4 h5 14. Ng5+ Kg8 15. Nh2
Nf6 16. e5 Nh7 17. g4 hxg4 18. Qxg4 Nxg5 19. Bxg5 Qd7 20. Bxe7 Qxe7 21. Re3 f5
22. Qxg6 Qf7 23. Qxf7+ Kxf7 24. Nf3 f4 25. Ree1 c5 26. Ng5+ Ke7 27. c3 Rh8 28.
Nf3 d4 29. cxd4 cxd4 30. Rac1 Rad8 31. Rc7+ Rd7 32. Rxd7+ Kxd7 33. Nxd4 Bxg2 34.
Kxg2 Rxh4 35. Nf3 Rh8 36. Re4 Bh6 37. Rd4+ Ke7 38. Rd6 Bg7 39. Nd4 Rh5 40. Nc6+
Kf7 41. d4 Rh8 42. Nd8+ Kg6 43. Nxe6 Bh6 44. Nxf4+ Kf5 45. Ne2 Ke4 46. Ng3+ Kd3
47. e6 Re8 48. d5 Bc1 49. b3 Kd4 50. Rd7 a5 51. Ne2+ 1-0

[Event "WIOSENNY OGOLNOPOLSKI INTEGRACYJNY TURNIEJ SZACHOWY"]
[Site "WEGIERSKA GORKA - OW AZALIA"]
[Date "1899-12-30"]
[Round "3.3"]
[White "Kwiatkowski, Jacek"]
[Black "Barwinski, Dionizy"]
[Result "0-1"]
[WhiteTitle "I++"]
[BlackTitle "FM"]
[WhiteElo "1817"]
[BlackElo "1938"]

1. d4 Nf6 2. Bf4 d5 3. e3 c6 4. c3 Bf5 5. Nd2 e6 6. Ngf3 Nbd7 7. Nh4 Bg6 8. Nxg6
hxg6 9. h3 Nb6 10. Nf3 Bd6 11. Ne5 Bxe5 12. Bxe5 Nbd7 13. Bh2 O-O 14. Bd3 Re8
15. O-O e5 16. dxe5 Nxe5 17. Bxe5 Rxe5 18. Qa4 Qb6 19. Rab1 Rae8 20. Rfd1 a6 21.
Rd2 Qc7 22. Rbd1 Qe7 23. Qf4 b5 24. Be2 Ne4 25. Rd4 Rf5 26. Rxe4 Qxe4 27. Qg4
Rf6 28. Bd3 Qxg4 29. hxg4 a5 30. Bc2 Rfe6 31. Kf1 Rb8 32. a3 Kf8 33. Ke2 b4 34.
axb4 axb4 35. cxb4 Rxb4 36. b3 Rxg4 37. g3 Rb4 38. Kd3 Rb8 39. Rd2 Ke7 40. Kc3
f5 41. Rd4 Ra8 42. Kb2 Kd6 43. Rb4 Kc7 44. Rd4 Rf6 45. Rh4 c5 46. Bb1 Rb8 47.
Kc3 Rfb6 48. Bc2 Kd6 49. Rh7 R6b7 50. Rh4 Ra8 51. Rf4 Ke5 52. f3 Ra2 53. Rh4 d4+
0-1